MCG launches sustainability charter (Record no. 77927)
[ view plain ]
| 000 -LEADER | |
|---|---|
| fixed length control field | 00944cab a2200205 4500 |
| 001 - CONTROL NUMBER | |
| control field | ##L135543 |
| 008 - FIXED-LENGTH DATA ELEMENTS--GENERAL INFORMATION | |
| fixed length control field | 061106n2006 000 0 eng u |
| 035 ## - SYSTEM CONTROL NUMBER | |
| System control number | (Sirsi) u135543 |
| 041 0# - LANGUAGE CODE | |
| Language code of text/sound track or separate title | eng |
| 110 2# - MAIN ENTRY--CORPORATE NAME | |
| Corporate name or jurisdiction name as entry element | Major Contractors Group |
| 9 (RLIN) | 4988 |
| 245 00 - TITLE STATEMENT | |
| Title | MCG launches sustainability charter |
| 260 ## - PUBLICATION, DISTRIBUTION, ETC. | |
| Date of publication, distribution, etc. | 2006 |
| 490 #0 - SERIES STATEMENT | |
| Series statement | Major Contractors Group Press Release |
| 520 ## - SUMMARY, ETC. | |
| Summary, etc. | The charter sets out various sustainability objectives for MCG member companies including continual improvement in waste minimisation and management, energy consumption and reducing adverse environmental incidents. Following a pilot study, in 2007 member companies will produce figures on waste and energy consumption on a quarterly basis. |
| 590 ## - LOCAL NOTE (RLIN) | |
| Local note | IKA141106 |
| 651 #4 - SUBJECT ADDED ENTRY--GEOGRAPHIC NAME | |
| Geographic name | United Kingdom |
| Chronological subdivision | |
| 690 ## - LOCAL SUBJECT ADDED ENTRY--TOPICAL TERM (OCLC, RLIN) | |
| Topical term or geographic name as entry element | ENVIRONMENTAL AND LAND CONSULTANCY-SUSTAINABILITY |
| 856 40 - ELECTRONIC LOCATION AND ACCESS | |
| Uniform Resource Identifier | <a href="https://www.mcg.org.uk">https://www.mcg.org.uk</a> |
| Public note | View the item free of charge at www.mcg.org.uk... |
| 942 ## - ADDED ENTRY ELEMENTS (KOHA) | |
| Suppress in OPAC | 0 |
| Withdrawn status | Lost status | Source of classification or shelving scheme | Damaged status | Not for loan | Home library | Current library | Shelving location | Date acquired | Total Checkouts | Full call number | Barcode | Date last seen | Copy number | Price effective from | Koha item type |
|---|---|---|---|---|---|---|---|---|---|---|---|---|---|---|---|
| Dewey Decimal Classification | Virtual | Virtual | Online | 06/11/2006 | ONLINE PUBLICATION | 135543-2001 | 06/08/2019 | 1 | 06/08/2019 | Journal article |